LEADER 01155nam a2200265 i 4500 001 000000151561 003 CaOOAMICUS 005 20060821000000.0 008 060821s1946 it u000 u ita u 013 $a128900 040 $aSeMil$bita 100 1 $aSalvatorelli, Luigi <1886-1974>.$0(OLS)http://semarc/name/89169 245 13$aLa politica internazionale dal 1871 ad oggi /$cLuigi Salvatorelli. 260 $aTorino :$bGiulio Einaudi,$c1946. 300 $a198 p. ;$c21 cm. 490 0 $aProblemi contemporanei ;$v7 650 4$aEuropa - Storia - Sec. 19.$0(OLS)http://semarc/subject/1859 650 4$aEuropa - Storia - Sec. 20.$0(OLS)http://semarc/subject/574 650 4$aPolitica internazionale - Europa.$0(OLS)http://semarc/subject/27549 830 0$aProblemi contemporanei ;$v7.$0(OLS)http://semarc/title/21424 850 $aSeMil 852 $aSeMil$W1$xVenegono$y1$m3U III 327$j103588$B103588$CSeMilBibl$Z2$F116926 $81 961 $aLascito: Gogna prof.ssa Silvia 996 $6245$aLa politica internazionale dal 1871 ad oggi$9(OLS)http://semarc/title/221501 996 $6260$aTorino :$bGiulio Einaudi$9(OLS)http://semarc/publisher/29810 LEADER 01088nam a2200265 i 4500 001 000000049054 003 CaOOAMICUS 005 20101007000000.0 008 101007s1993 it u000 u ita u 013 $a20224 020 $a88-250-0205-X 040 $aSeMil$bita 100 1 $aFietta, Pietro.$0(OLS)http://semarc/name/24303 245 10$aChiesa, diakonia della salvezza :$blineamenti di ecclesiologia /$cPietro Fietta. 260 $aPadova :$bMessaggero,$c1993. 300 $a381 p. ;$c22 cm. 490 0 $aStrumenti di scienze religiose 650 4$aEcclesiologia.$0(OLS)http://semarc/subject/42996 830 0$aStrumenti di scienze religiose.$0(OLS)http://semarc/title/9696 850 $aSeMil 852 $aSeMil$W1$xVenegono$y1$m2RA III 144$j15209$B15209$CSeMilBibl$Z2$F15209 $81 961 $aOmaggio: Scuola Cattolica 996 $6020$a88-250-0205-X$9(OLS)http://semarc/number/22370 996 $6245$aChiesa, diakonia della salvezza :$blineamenti di ecclesiologia$9(OLS)http://semarc/title/74434 996 $6260$aPadova :$bMessaggero$9(OLS)http://semarc/publisher/29786